000 00464nam a2200157Ia 4500
999 _c1459
_d1459
003 OSt
005 20201001101746.0
008 190216s9999||||xx |||||||||||||| ||und||
040 _coclc
082 _a660.6
_bGUP/E
100 1 _aGupta, P. K.,
_9133
_cPh. D., D. Litt.
245 0 _aElements Of Biotechnology /
_cP K Gupta
260 _bRasthogi Publications,
_c1996.
_aMeerut:
300 _a602p
942 _cBK
_2ddc
_h660.6
_iGUP/E
_k660.6
_mGUP/E